LIBRARY & INFORMATION CENTRE, KCAET, TAVANUR

ONLINE PUBLIC ACCESS CATALOGUE (OPAC)

Operations Research (Record no. 14444)

MARC details
000 -LEADER
fixed length control field 00319nam a22001217a 4500
082 ## - DEWEY DECIMAL CLASSIFICATION NUMBER
Classification number 658.4034
Item number MAN/OP
100 ## - MAIN ENTRY--AUTHOR NAME
Personal name Manohar Mahajan
245 ## - TITLE STATEMENT
Title Operations Research
250 ## - EDITION STATEMENT
Edition statement 2 nd
260 ## - PUBLICATION, DISTRIBUTION, ETC. (IMPRINT)
Place of publication Delhi
Name of publisher Dhanpat Rai And Co. (Pvt.) Ltd. Educational and Technical Publishers
Year of publication 2012
300 ## - PHYSICAL DESCRIPTION
Number of Pages 672
942 ## - ADDED ENTRY ELEMENTS (KOHA)
Koha item type Books
Holdings
Withdrawn status Lost status Damaged status Collection code Home library Current library Shelving location Date acquired Source of acquisition Cost, normal purchase price Full call number Accession Number Koha item type
        KAUAET KAUAET General Stacks 30/03/2013 Aman Book Stall, Calicut 300.00 658.4034 MAN/OP 24093 Books
free website counter